000 00413nam a2200169Ia 4500
008 180921t2017 xxu||||| |||| 00| 0 sin d
041 _asin
080 _a294.3
_bABE
100 _aAbesekara, BandulaSadaham m
245 _aසදහම් මග
246 _aSadaham Maga
260 _bGodage
_aColombo
_c2017
300 _b104p, 21cm
942 _cBK
999 _c123
_d123
003 LK-CoDNM
040 _aLK-CoDNM
_dLK-CoDNM
_eLK-CoDNM